000 00746nam a2200217Ia 4500
008 101110s9999 xx 000 0 und d
041 _aMARATHI
082 _bSR35021
100 _aLiman S.S. & Raverkar D.P.
245 _aVipanan aani manavi sansadhan vyavsthapan paper-3,TYBCOM (Marketing & human resource management)
260 _c2010
_bSheth prakashan, Mumbai
300 _a358
365 _b125
520 _aCommerce
546 _aMARATHI
630 _aVipanan aani manavi sansadhan vyavsthapan paper-3,TYBCOM (Marketing & human resource management)
650 _aCommerce
655 _aCommerce
730 _aVipanan aani manavi sansadhan vyavsthapan paper-3,TYBCOM (Marketing & human resource management)
942 _cBOOK
999 _c827522
_d827519